SRA Reading laboratory 1b: (Record no. 366823)
[ view plain ]
| 000 -LEADER | |
|---|---|
| fixed length control field | 00326nam a22001217a 4500 |
| 003 - CONTROL NUMBER IDENTIFIER | |
| control field | 1 |
| 005 - DATE AND TIME OF LATEST TRANSACTION | |
| control field | 20241223105220.0 |
| 008 - FIXED-LENGTH DATA ELEMENTS--GENERAL INFORMATION | |
| fixed length control field | 241223b xxu||||| |||| 00| 0 eng d |
| 245 ## - TITLE STATEMENT | |
| Title | SRA Reading laboratory 1b: |
| Remainder of title | starter booklet/ |
| 260 ## - PUBLICATION, DISTRIBUTION, ETC. (IMPRINT) | |
| Place of publication, distribution, etc | Quezon City: |
| Name of publisher, distributor, etc | Abiva Publishing, Inc. |
| Date of publication, distribution, etc | 2024 |
| 300 ## - PHYSICAL DESCRIPTION | |
| Extent | 20 p. |
| Dimensions | 22 cm |
| 942 ## - ADDED ENTRY ELEMENTS (KOHA) | |
| Source of classification or shelving scheme | Dewey Decimal Classification |
| Koha item type | Books |
No items available.